000 00347nam a2200121Ia 4500
008 190216s9999||||xx |||||||||||||| ||und||
100 _a"Dhillon R, Dinesh , Singh Mj"
245 0 _aNational Defence Academy Examination
260 _b"Dhillian Publications, New Delhi"
_c1985
300 _a326p
650 _aNational Defence Academy
942 _cREF
999 _c35553
_d35553